Agriculture Department Documents and Publications

Detalles Bibliográficos
Formato: Electrónico Periódico
Lenguaje:inglés
Publicado: Greenbelt, Md. : Federal Information & News Dispatch
Materias:
Acceso en línea:Full text available from Research Library: 06/10/2010 to present

MARC

LEADER 00000nas a2200000 a 4500
001 ssj0000858302
003 WaSeSS
005 20200512172242.0
006 m d
007 cr n
008 130316c20uu9999mdud| n|s|||||| |0eng d
035 |a (WaSeSS)ssj0000858302 
040 |a WaSeSS  |c WaSeSS  |d WaSeSS 
043 |a n-us--- 
050 4 |a S21 
245 0 0 |a Agriculture Department Documents and Publications  |h [electronic resource]. 
260 |a Greenbelt, Md. :  |b Federal Information & News Dispatch 
310 |a Daily 
506 |a License restrictions may limit access. 
588 |a Description based on: Jun. 10, 2010; title from title screen (ProQuest, viewed March 15, 2013). 
588 |a Latest issue consulted: Mar. 14, 2013 (viewed March 15, 2013). 
650 0 |a Agriculture  |z United States  |v Periodicals. 
655 0 |a Electronic journals. 
856 4 0 |z Full text available from Research Library: 06/10/2010 to present  |u https://search.proquest.com/publication/237728